Initiation à la linguistique française

Na minha lista:
Detalhes bibliográficos
Autor principal: Melušová, Elena, 1953-
Autor Corporativo: Ekonomická univerzita v Bratislave. Fakulta aplikovaných jazykov
Outros Autores: Lapšanský, Ladislav, Lančarič, Daniel
Formato: Livro
Idioma:francês
Publicado em: Bratislava Vydavateľstvo EKONÓM 2018
Edição:1. vydanie
Assuntos:
Tags: Adicionar Tag
Sem tags, seja o primeiro a adicionar uma tag!

MARC

LEADER 00000nam a2200000 4500
001 0246399
005 20240502073944.8
020 |a 978-80-225-4497-9 
041 0 |a fre 
044 |a SK 
245 1 0 |a Initiation à la linguistique française  |c Elena Melušová ; recenzenti: Ladislav Lapšanský, Daniel Lančarič 
250 |a 1. vydanie 
264 1 |a Bratislava  |b Vydavateľstvo EKONÓM  |c 2018 
300 |a 85 s. [4,05 AH] 
610 2 0 |a jazykoveda 
610 2 0 |a francúzština 
610 2 0 |a dejiny 
610 2 0 |a jazyk diplomatický 
610 2 0 |a syntax 
100 1 |a Melušová, Elena, 1953- 
700 1 |a Lapšanský, Ladislav 
700 1 |a Lančarič, Daniel 
710 2 |a Ekonomická univerzita v Bratislave. Fakulta aplikovaných jazykov